1509 1504 1443 1868 1442 1381 1328 1127 1970 1940 1642 1533 1675 1413 1348 1371 1630 1749 1555 1969 1636 1591 1615 1229 1162 1645 1184 1682 1208 1378 1873 1414 1626 1575 1780 1178 1892 1379 1487 1091 1778 1453 1915 1821 1230 1679 1950 1605 1257 1756 1722 1452 1703 1120 1441 1839 1949 1181 1427 1986 1201 1761 1759 1726 1545 1052 1415 1880 1336 1308 1213 1996 1438 1025 1178 1523 1676 1531 1649 1451 1738 1460 1008 1272 1341 1120 1726 1716 1292 1029 1752 1851 1837 1864 1638 1679 1818 1530 1479 BCNSPRNW ULIB Ver.6.0+V

เปลี่ยนเป็นภาษาไทย

Change to English
 แสดงรายละเอียดบรรณานุกรม
  กลับหน้าหลัก

Brief Record : Get Marc (ISO 2709) : E-mail record : QR code < ปิดหน้าต่าง
LEADER : 00000nam 2200000uu 4500
001    13399123335
003     ULIB
008    140825s2547||||th 000 0 tha d
099    วพ QZ200พ639ค
100 0  พิชญดา คงศักดิ์ตระกูล
245 00 ความสัมพันธ์ระหว่างชนิดของโรคมะเร็ง ประสบการณ์การมีอาการเหนื่อยล้า กลยุทธ์ในการจัดการกับความเหนื่อยล้า การสนับสนุนจากครอบครัวกับภาวะหน้าที่ในผุ้ป่วยมะเร็งที่ได้รับเคมีบำบัด/^cพิชญดา คงศักดิ์ตระกูล
260    วิทยานิพนธ์ (พย.ม.)--จุฬาลงกรณ์มหาวิทยาลัย, 2547
300    159 หน้า
650  0 มะเร็ง--เคมีบำบัด
650  0 ความเหนื่อยล้า
710 1  ฬาลงกรณ์มหาวิทยาลัย
945    ^p0^l0^i023380
999    ^aเกษร โพธิ์สุวรรณ
รายการนี้ยังไม่มีแท็ก
คุณยังไม่ได้ล็อกอิน คุณสามารถมีกิจกรรมร่วมกับเว็บไซต์ได้ แต่ต้องล็อกอินก่อน ::
  ล็อกอิน

รายการสื่อสารสนเทศ

ลำดับที่ ประเภท เลขเรียก/บาร์โค้ด สถานที่ สถานะ
1. วิทยานิพนธ์
วิทยานิพนธ์
วพ QZ200พ639ค ฉ.1 
  Barcode: 023380
ห้องสมุดวิทยาเขตสวรรค์ประชารักษ์
► วิทยานิพนธ์
บนชั้น

BibComment


ยังไม่เคยถูกคอมเมนท์

คอมเมนท์ทรัพยากรรายการนี้
  คอมเมนท์: ความสัมพันธ์ระหว่..


 Copyright 2026. Bcnsprnw @Library